Trở về từ cõi chết = So, what happens to me?

Đã lưu trong:
Bibliografiske detaljer
Hovedforfatter: James Hadley Chase
Format: Bog
Sprog:Undetermined
Udgivet: Hà Nội Lao Động 1995
Fag:
Tags: Tilføj Tag
Ingen Tags, Vær først til at tagge denne postø!
Thư viện lưu trữ: Trung tâm Học liệu Trường Đại học Cần Thơ
LEADER 00520nam a2200181Ia 4500
001 CTU_22521
008 210402s9999 xx 000 0 und d
082 |a 813.5 
082 |b C487 
100 |a James Hadley Chase 
245 0 |a Trở về từ cõi chết 
245 0 |b = So, what happens to me? 
245 0 |c James Hadley Chase 
260 |a Hà Nội 
260 |b Lao Động 
260 |c 1995 
650 |a american fiction - 20th century 
980 |a Trung tâm Học liệu Trường Đại học Cần Thơ